000 00757nam a2200253 i 4500
001 bg
100 1 _aDobaj, Edward.
245 1 0 _aMaszyny i urządzenia spawalnicze /
_cEdward Dobaj.
250 _aWyd. 3 zm.
260 _aWarszawa :
_bWydawnictwa Naukowo-Techniczne,
_c2005.
300 _a366, [1] s. :
_bfot., rys., wykr. ;
_c24 cm.
504 _aBibliogr. s. 357-[367].
650 9 _aSpawalnictwo
_xurządzenia
655 _aPodręczniki akademickie
020 _a8320432626
040 _cBPK
041 0 _apol
044 _aPOL
080 _a621.791/.795(075.8)
920 _a83-204-3262-6
942 _cKS
008 s pl f |000 0 pol
999 _c54204
_d54204
856 _uhttp://koha.tu.koszalin.pl/cgi-bin/koha/opac-detail.pl?biblionumber=54204
_yKatalog online BPK